000 00623nam a22002297a 4500
005 20171012135614.0
007 00
008 170228b xxu||||| |||| 00| 0 eng d
020 _a978-2-7430-1134-5
040 _aBUAC
_cBUC
041 _aFre.
100 _aGRECIAS, Pierre
245 _aChimie :
_c/ par GRECIAS, Pierre:
_b2de année : PSI PSI*
250 _aNouvelle édition
260 _aParis :
_bLavoisier ,
_c2009.
300 _a447 p.
_c27 cm.
_bcouv. en coul. ;
440 _a( Référence Prépas)
_980
500 _aIndex : pp. (445-447)
630 _aSCIENCES PURES
650 _aCHIMIE
942 _cLBA
999 _c56025
_d56025